| 000 | 00689nam a22002297a 4500 | ||
|---|---|---|---|
| 001 | 7785 | ||
| 003 | FISKH | ||
| 005 | 20250806100741.0 | ||
| 008 | 250806b cb ||||| |||| 00| 0 eng d | ||
| 040 |
_aFISKH _beng _cFISKH _dFISKH |
||
| 050 | _aPZ7 | ||
| 100 | _aSlobodkin, Louis | ||
| 245 |
_aMr. Petersand's cat and kittens / _cby Louis Slobodkin : Illustrated by Jo Ann Stover |
||
| 260 |
_aChicago : _bScience Research Associates, Inc., _c1954. |
||
| 300 |
_a32 oages : _bcolor illustrations ; _c21 cm. |
||
| 505 | _aK | ||
| 521 | 8 |
_a510
_bLexile estimate |
|
| 521 | 8 |
_aK
_bRaz-Plus |
|
| 700 |
_aStover, Jo Ann _eIllustrator |
||
| 942 |
_2ddc _cBK _n0 |
||
| 999 |
_c7785 _d7785 |
||